000
00375nam a2200145Ia 4500
008
090124s9999 xx 000 0 und d
082
_b
302746
245
_a
अजेय
250
_a
1
260
_b
मंगेशकर गीता/ गौरी मंगेशकर
_c
1993
300
_a
357
630
_a
अजेय
730
_a
अजेय
942
_c
BOOK
999
_c
192383
_d
192383